000 00560nam a22002177a 4500
003 UA-OsUOA
001 110144
007 ta
008 20150224b un ||||| |||| 00| 0 ukr d
100 _aРайхель Ю.
090 _a32
_bР18
942 _cSA
040 _aUA-OsUOA
_bukr
_cUA-OsUOA
_dUA-OsUOA
245 _aРік поразок. Успішному веденню бойових дій заважає політика
300 _aС.4
955 _a0
041 _aukr
080 _a32
773 0 _w110143
650 7 _a32 Політика
_2UDC
999 _c396194
_d396194